000 00290nam a2200121Ia 4500
008 191201s2011 xx 000 0 und d
100 _aSILBERSCHATZ, Abraham
245 0 _aDatabase system Concepts
250 _a6th
260 _c2011
_bTMH
_aNEW DELHI
300 _a1349
942 _2ddc
_cBK
_01
999 _c7762
_d7762